مكتبة جامعة عجلون الوطنية

فهرس بحث المكتبة

Normal view MARC view
  • الاردن - تاريخ - الملك عبدالله بن الحسين الاول - الاراضي والساحة 1926-1951

Entry Topical Term

Number of records used in: 1

001 - CONTROL NUMBER

  • control field: 62324

003 - CONTROL NUMBER IDENTIFIER

  • control field: JO-AjAnu

005 - DATE AND TIME OF LATEST TRANSACTION

  • control field: 20230606084159.0

008 - FIXED-LENGTH DATA ELEMENTS

  • fixed length control field: 230606|| aca||aabn | a|a d

040 ## - CATALOGING SOURCE

  • Original cataloging agency: JO-AjAnu
  • Transcribing agency: JO-AjAnu

150 ## - HEADING--TOPICAL TERM

  • Topical term or geographic name entry element: الاردن - تاريخ - الملك عبدالله بن الحسين الاول - الاراضي والساحة 1926-1951

670 ## - SOURCE DATA FOUND

  • Source citation: Work cat.: (JO-AjAnu)31784: عبدالله بن الحسين بن علي، ملك الأردن، 1926 - 1951؛ اشراف البخيت، محمد عدنان، جمع وإعداد محمد عدنان البخيت، جمع وإعداد هند غسان أبو الشعر، متابعة وتنسيق باسل غازي لبجغامين, author 62323, الوثائق الهاشمية: أوراق عبدالله بن الحسين : دائرة الاراضي والمساحة(1926-1951م)، المجلد 32 القسم الاول